000 00546nam a22002051a 4500
001 11683
003 OSt
005 20260204212251.0
008 130507s2008||||ck ||||||b||||||||||spa||
020 _a9789586485616
050 _a510 F663m
082 _a510 F663m
100 _aFlores Uribe, Juan Antonio
245 _aMatemáticas financieras empresariales / Juan Antonio Flores Uribe
264 _aColombia: Ediciones Ecoe
300 _a225 P
500 _aIncluye bibliografía
650 _aMATEMATICAS FINANCIERASÌ
942 _2ddc
_cBK
999 _c11683
_d11683